000 00740nam a2200241Ia 4500
003 OSt
005 20221005110508.0
006 a|||||r|||| 00| 0
007 ta
008 221004b |||||||| |||| 00| 0 hin d
024 _a30933
037 _cTextual
040 _aCRL
_cCRL
_bhin
041 _2hin
_ahin
082 _asigma:f, M6
100 _aनगेन्द्र
245 0 _aशोध और सिद्धान्त
246 _aShodh aur siddhānta
260 _aनई दिल्ली
_bनेशनल पब्लिशिंग हाउस भारत
_c1986
300 _a208पृ.
_ccm.
942 _hsigma:f, M6
_cTEXL
_2cc
999 _c1019008
_d1019008